Statystyki dla Sport, w którym walczymy z przeciwnikiem ale go nie dotykamy

Kliknij tutaj aby rozwiązać quiz!

Ogólne statystyki

  • Ten quiz został rozwiązany 145 razy
  • Średni wynik to 2 z 5

Statystyki odpowiedzi

Odpowiedź% Poprawnych
siatkówka
76%
szachy
60%
tenis ziemny
51%
badminton
26%
pin-pong
2%

Rozkład punktacji

Percentyl według liczby udzielonych odpowiedzi

Procent ludzi z każdym wynikiem

Twoja historia wyników

Nie rozwiązałeś tego quizu